Statistics for Digimon Frontier Opening Lyrics

Click here to take the quiz!

General Stats

  • This quiz has been taken 169 times
  • The average score is 12 of 14

Answer Stats

HintAnswer% Correct
As we head for the ______future
94%
____ to the pastLook
90%
To ______ the Digital Worldreclaim
90%
And _____ in each othertrust
90%
We'll ____ by the lessons we've learnedlive
89%
Through a _____ evolutionspirit
87%
As we work towards one ________solution
84%
Digimon! Forever ______ as oneunited
82%
Digimon! Together the _______ are wonbattles
80%
Digimon! Through us let your spirit ______evolve
80%
With _____ in ourselvesfaith
80%
There's a world for us ___all
78%
I am the ___! x2one
73%
If we're all for one _____world
67%

Score Distribution

Percentile by Number Answered

Percent of People with Each Score

Your Score History

You have not taken this quiz